01781nam a2200517 i 450000100060000000300090000600500170001500800390003201500190007102000150009003500230010503500360012803500140016403500210017803500230019903500440022204000280026608000100029408000120030408000120031610000370032824500470036526000690041230000360048133600270051733700540054433800280059838000160062638000270064238500390066938800140070838800140072250400220073665000260075865500350078465800240081965800280084371000540087185600980092594200120102399900170103595200580105295200510111095200510116195200510121225004KOSZ 00520200505083419.0980702s1996 pl a f |000 0 pol aUWD 1996/11707 a838701205X a991004265539705066 a(PL-WaBN)b11129712-48omnis_nlop ab11129712 a(OCoLC)751215833 a(PL)b0000001112971 a(EXLNZ-48OMNIS_NETWORK)9910189369305606 aWA NcWA NdKOSZ 005/EG a537.8 a621.318 a(075.8)1 aRawa, Henrykd(1942-2011)eAutor10aPodstawy elektromagnetyzmu /cHenryk Rawa. aWarszawa :bOficyna Wydawnicza Politechniki Warszawskiej,c1996. a307 s. :brys., wykr. ;c24 cm. 2rdacontentaTekstbtxt 2rdamediaaBez urządzenia pośredniczącegobn 2rdacarrieraWoluminbnc aKsiążki aPublikacje dydaktyczne mPoziom nauczaniaaSzkoły wyższe a1901-2000 a1989-2000 aBibliogr. s. 307. 7aElektromagnetyzm2DBN 7aPodręczniki akademickie2DBN aFizyka i astronomia aInżynieria i technika2 aOficyna Wydawnicza Politechniki Warszawskiej4pbl uhttp://koha.tu.koszalin.pl/cgi-bin/koha/opac-detail.pl?biblionumber=25004yKatalog online BPK 2UKDcKS c25004d25004 00104071aBPKbBPKccoP 52805p01128215t537 EyKS 00104070aBPKbBPKcwoP 52806p01128208yKS 00104070aBPKbBPKcwoP 52807p01128192yKS 00104070aBPKbBPKcwoP 52808p01128185yKS